000
00291nam a22001217a 4500
008
180315b xxu||||| |||| 00| 0 eng d
041
_a
eng
080
_2
4th
_a
37
100
_a
25
101
_a
EDU
245
_a
The composition of everyday life a guide to writing
_c
Mauk,J
942
_2
udc
_c
BK
999
_c
45144
_d
45144